000 01315nam a2200337 a 4500
999 _c186473
_d186473
003 BLK
005 20240925005454.0
008 180411b bul|||||r ||||||| ||bul||
010 _aKNG00195468000
040 _aBLK
041 _aBUL
_cBUL
080 _a?Литература на ГДР
_b830.2
_x-32
_z830.2-32
080 _a?Литература на ФРГ
_b830.1
_x-32
_z830.1-32
139 _aДилов, Любен Иванов
_bД 55
245 1 0 _aНемски морски новели
_bАнтология
_cсъстав. и ред. с предг. Любен Иванов Дилов; прев. от нем. Димитър Стоевски.
257 _aDEU
260 _aВарна
_bГеорги Бакалов
_c1974
300 _a392 с.
_c21 см
380 _aX
490 _aПоредица Световни морски новели
_vКн. 7
_9205247
500 _a25 100 тир.
700 1 _aДилов, Любен Иванов
_eсъстав. и ред. с предг.
_9380324
700 _aСтоевски, Димитър
_qЧолаков, Димчо Стоев
_9364897
852 _aЦб 76847
_bЦб
856 4 _qpdf
856 4 _qpdf
942 _cKNG
_n0
_s1
944 _aCR
_c08.11.2016
_k
_lCRON CRON
944 _aED
_c2022-09-29
_kир
999 _d186473